000 00643nam a2200205Ia 4500
003 GCL
008 140319s9999 xx 000 0 ara d
040 _aGCL /
_cGCL
082 0 4 _a811.082
_bم ح
100 1 _aمجدى حسنين
245 1 0 _aحديث الحجرات /
_cمجدى حسنين
250 _aالاولى
260 _aالقاهرة :
_bالهيئة العامة لقصور الثقافة ،
_c2000
300 _a140 ص ؛
_c10 سم
490 _aاصوات ادبية
_v297
650 0 4 _aالشعر العربى
650 0 4 _aالشعر
650 0 4 _aالشعر العربى - العصر الحديث
942 _2ddc
_cBK
999 _c9056
_d9056